| 000 | 00991nam a22002537a 4500 | ||
|---|---|---|---|
| 005 | 20240530110611.0 | ||
| 008 | 161015s2015 ua b g b 000 0 ara d | ||
| 017 |
_a2014/15698 _bمصر. دار الكتب |
||
| 020 | _a9789772767830 | ||
| 040 |
_aEG-CaGPL _cEG-CaGPL |
||
| 082 | 0 | 4 |
_221 _a320.96762\ _bع ن |
| 100 | 0 | _aعبدالستار ابوالحسن عدوى غريب | |
| 245 | 1 | 2 |
_aالنظام السياسى فى كينيا منذ الاستقلال / _cعبدالستار ابوالحسن عدوى غريب |
| 250 | _aط1. | ||
| 260 |
_aالقاهرة : _bالمكتب العربى للمعارف ، _c2015 . |
||
| 300 |
_a642 ص ؛ _c24 سم . |
||
| 490 | 0 | _aمكتبة عبدالملك عودة الافريقية . | |
| 504 | _aببليوجرافية : ص 617 - 640 | ||
| 650 | 0 | 4 |
_2qrmak _aكينيا |
| 650 | 0 | 4 |
_aكينيا _xتاريخ _2qrmak |
| 651 | 0 | 7 |
_aكينيا _xالاحوال السياسية . _2qrmak |
| 942 |
_2ddc _cBK |
||
| 999 |
_c62866 _d62866 |
||